Most Guessed Islands of the World - One Minute Sprint - Statistics

General Stats
  • This quiz has been taken 105 times
  • The average score is 9 of 20
Answer Stats
population rank % island % Correct
19th 74 Ireland
73%
15th 77 Cuba
58%
1st 58 Java
58%
2nd 52 Honshu
55%
8th 81 Madagascar
55%
3rd 60 Great Britain
53%
6th 64 Taiwan
51%
5th 49 Sumatra
45%
11th 50 Borneo
43%
54th 66 Cyprus
43%
7th 70 Sri Lanka
42%
20th 48 Hokkaido
37%
33rd 68 Jamaica
34%
95th 55 Malta
34%
30th 50 North Island
34%
22nd 56 Sicily
33%
55th 49 South Island
33%
19th 45 Hispaniola
30%
42nd 45 Sardinia
27%
72nd 45 Crete
20%
No matching quizzes found
Score Distribution
Percent of People with Each Score
Percentile by Number Answered
Your Score History
You have not taken this quiz